Soal jawab solat musafir : (Record no. 141106)
[ view plain ]
| 000 -LEADER | |
|---|---|
| fixed length control field | 00933nam a2200277 i 4500 |
| 001 - CONTROL NUMBER | |
| control field | C2-0344452 |
| 003 - CONTROL NUMBER IDENTIFIER | |
| control field | PPAK |
| 005 - DATE AND TIME OF LATEST TRANSACTION | |
| control field | 20180728145311.0 |
| 008 - FIXED-LENGTH DATA ELEMENTS--GENERAL INFORMATION | |
| fixed length control field | 180103s2017 my a|||| ||||| | may d |
| 020 ## - INTERNATIONAL STANDARD BOOK NUMBER | |
| International Standard Book Number | 9789673883127 |
| 040 ## - CATALOGING SOURCE | |
| Original cataloging agency | PPAK |
| Language of cataloging | eng |
| Transcribing agency | PPAK |
| Description conventions | rda |
| 082 04 - DEWEY DECIMAL CLASSIFICATION NUMBER | |
| Classification number | 297.3822 |
| Edition number | 23 |
| 090 00 - LOCALLY ASSIGNED LC-TYPE CALL NUMBER (OCLC); LOCAL CALL NUMBER (RLIN) | |
| Classification number (OCLC) (R) ; Classification number, CALL (RLIN) (NR) | 297.3822 |
| Feature heading | ZUL |
| Feature heading | G |
| 100 0# - MAIN ENTRY--PERSONAL NAME | |
| Personal name | Zulkarnain Dollah, |
| Titles and words associated with a name | Ustaz |
| Dates associated with a name | 1975- |
| Relator term | author |
| 245 10 - TITLE STATEMENT | |
| Title | Soal jawab solat musafir : |
| Remainder of title | merungkai 110 persoalan berkaitan solat jamak qasar |
| 264 #1 - PRODUCTION, PUBLICATION, DISTRIBUTION, MANUFACTURE, AND COPYRIGHT NOTICE | |
| Place of production, publication, distribution, manufacture | Kuala Lumpur : |
| Name of producer, publisher, distributor, manufacturer | Telaga Biru Sdn. Bhd. , |
| Date of production, publication, distribution, manufacture, or copyright notice | 2017 |
| 300 ## - PHYSICAL DESCRIPTION | |
| Extent | xviii, 132 pages : |
| Other physical details | colour photographs ; |
| Dimensions | 21 cm |
| 336 ## - CONTENT TYPE | |
| Source | rdacontent |
| Content type term | text |
| 337 ## - MEDIA TYPE | |
| Source | rdamedia |
| Media type term | unmediated |
| 338 ## - CARRIER TYPE | |
| Source | rdacarrier |
| Carrier type term | volume |
| 500 ## - GENERAL NOTE | |
| General note | Contains verses from the Qur'an and quotes from the Hadith |
| 650 10 - SUBJECT ADDED ENTRY--TOPICAL TERM | |
| Topical term or geographic name entry element | Islam - Prayers and devotions. ; Prayer - Islam. |
| 700 ## - ADDED ENTRY--PERSONAL NAME | |
| Relator term | author |
| Personal name | Norashimah Tajoruddin, |
| Relator term | editor |
| 942 ## - ADDED ENTRY ELEMENTS (KOHA) | |
| -- | dc |
| Koha item type | Book |
| Withdrawn | Not for loan | Current library | Shelving location | Date acquired | Total Checkouts | Total Renewals | Full call number | Barcode | Checked out | Date last seen | Date last checked out | Koha item type |
|---|---|---|---|---|---|---|---|---|---|---|---|---|
| Perpustakaan Alor Setar | Pinjaman Dewasa | 10/01/2018 | 6 | 3 | 297.3822 ZUL | A01562948 | 02/09/2024 | 12/08/2024 | 12/08/2024 | Book | ||
| Perpustakaan Awam Sungai Petani | Pinjaman Dewasa | 10/01/2018 | 4 | 1 | 297.3822 ZUL | A01562949 | 10/09/2024 | 25/08/2024 | Book | |||
| Perpustakaan Bandar Baharu | Pinjaman Dewasa | 10/01/2018 | 1 | 297.3822 ZUL | A01562954 | 28/03/2024 | 13/03/2024 | Book | ||||
| Perpustakaan Jitra | Pinjaman Dewasa | 10/01/2018 | 3 | 2 | 297.3822 ZUL | A01562950 | 01/11/2025 | 01/09/2025 | Book | |||
| Perpustakaan Kuala Nerang | Pinjaman Dewasa | 10/01/2018 | 297.3822 ZUL | A01562958 | 09/05/2018 | Book | ||||||
| Perpustakaan Kulim | Pinjaman Dewasa | 10/01/2018 | 1 | 297.3822 ZUL | A01562952 | 19/10/2024 | 28/09/2024 | Book | ||||
| Perpustakaan Langkawi | Pinjaman Dewasa | 10/01/2018 | 297.3822 ZUL | A01562951 | 09/05/2018 | Book | ||||||
| Perpustakaan Merbok | Pinjaman Dewasa | 10/01/2018 | 3 | 297.3822 ZUL | A01562955 | 02/11/2024 | 23/10/2024 | Book | ||||
| Perpustakaan Pendang | Pinjaman Dewasa | 10/01/2018 | 297.3822 ZUL | A01562959 | 09/05/2018 | Book | ||||||
| Perpustakaan Sik | Pinjaman Dewasa | 10/01/2018 | 297.3822 ZUL | A01562957 | 09/05/2018 | Book | ||||||
| Bergerak 1, Alor Setar | Pinjaman Dewasa | 10/01/2018 | 297.3822 ZUL | A01562960 | 09/05/2018 | Book | ||||||
| Bergerak 3, Baling | Pinjaman Dewasa | 10/01/2018 | 297.3822 ZUL | A01562961 | 09/05/2018 | Book | ||||||
| Bergerak 4, Sungai Petani | Pinjaman Dewasa | 10/01/2018 | 297.3822 ZUL | A01562962 | 09/05/2018 | Book | ||||||
| Bergerak 5, Kulim | Pinjaman Dewasa | 10/01/2018 | 297.3822 ZUL | A01562963 | 09/05/2018 | Book | ||||||
| PD01, Kg. Bendang Raja, Kuala Nerang | Pinjaman Dewasa | 10/01/2018 | 297.3822 ZUL | A01562964 | 09/05/2018 | Book | ||||||
| PD03, Kg. Pulau Pisang, Jitra | Pinjaman Dewasa | 10/01/2018 | 297.3822 ZUL | A01562966 | 09/05/2018 | Book | ||||||
| PD04, Kg. Bukit Nambua, Kuala Nerang | Pinjaman Dewasa | 10/01/2018 | 297.3822 ZUL | A01562967 | 09/05/2018 | Book | ||||||
| PD05, Kg. Lindungan Raja, Kulim | Pinjaman Dewasa | 10/01/2018 | 297.3822 ZUL | A01562968 | 09/05/2018 | Book | ||||||
| PD06, Kg. Kepala Bukit, Pendang | Pinjaman Dewasa | 10/01/2018 | 297.3822 ZUL | A01562969 | 09/05/2018 | Book | ||||||
| PD07, Kg. Jelutong, Sik | Pinjaman Dewasa | 10/01/2018 | 297.3822 ZUL | A01562970 | 09/05/2018 | Book | ||||||
| PD08, Felda Gunung Bongsu, Kulim | Pinjaman Dewasa | 10/01/2018 | 297.3822 ZUL | A01562971 | 09/05/2018 | Book |